| 000 | 00000nam##2200000za#4500 |
| 001 | 9.681308 |
| 003 | CaOODSP |
| 005 | 20221104105554 |
| 007 | ta |
| 008 | 150407|2004||||xxc||||| f|0| 0 fre|d |
| 020 | |a0-662-85199-4 |
| 040 | |aCaOODSP|bfre |
| 043 | |an-cn--- |
| 086 | 1 |aR63-245/2004F |
| 110 | 2 |aParcs Canada. |
| 245 | 10|aLieu historique national du Canada S.S. Keno : |bplan directeur |
| 260 | |aOttawa - Ontario : |bParcs Canada |c2004. |
| 300 | |a28p. : |bglossaire, ill., cartes ; |c28 cm. |
| 520 | 3 |aCe rapport présente le plan de Parcs Canada pour la gestion du lieu historique national du Canada S.S. Keno. Le S.S. Keno appartenait à une flotte de bateaux à roue qui ont joué un rôle de premier plan dans l’histoire du territoire du Yukon et de la ruée vers l’or du Klondike. |
| 563 | |aCouverture souple |
| 590 | |a05-10|b2005-03-11 |
| 691 | 07|aLieu historique|2gcpds |
| 691 | 07|aNavire|2gcpds |
| 775 | 08|tS.S. Keno National Historic Site of Canada : |w(CaOODSP)9.647926 |
| 776 | 0#|tLieu historique national du Canada S.S. Keno |w(CaOODSP)9.822668 |